| 000 | 00595nam a2200229Ia 4500 | ||
|---|---|---|---|
| 005 | 20260430150152.0 | ||
| 008 | 008 250103s9999 xx 000 0 eng d | ||
| 037 | _aTheses | ||
| 040 | _aCRL | ||
| 040 | _beng | ||
| 040 | _ceng | ||
| 041 | _2eng | ||
| 041 | _aeng | ||
| 084 | _qCRL | ||
| 100 |
_aBhat Ahmad Au.; Thakur Shalini Gu. _91236666 |
||
| 245 | 0 | _aGharana Tradition in Kashmiri Sufiana Mausiqi: an analytical study | |
| 260 | _c2021 | ||
| 300 | _a209p. | ||
| 700 | _aUniversity of Delhi. Faculty of Music. Department of Music | ||
| 942 | _cTH | ||
| 999 |
_c1849120 _d1849120 |
||